01730nam0a22003131 4500001001000000005001700010021001700027035002600044100004100070101000800111102000700119105001800126200034600144210007500490215002600565225015100591225006100742320003300803606014900836606010700985686001901092686001601111702007201127702007401199712008401273801001801357801002201375852001901397rc\50832020260407123017.0 aRUb87-19598 a(NLR Aleph) 005748608 a20030616d1987 |||y0rusy50 ca0 arus aRU aa j||||||||1 aСОВРЕМЕННОЕ состояние и перспективы развития комплексных САПР СБИСe[методические рекомендации]fОбщество "Знание" УССРg[РДЭНТП]g[подготовили: д-р техн. наук А.И. Петренко и А.П. Артеменко] aКиевcОбщество "Знание" УССРcРДЭНТПd1987 a19 с.cсхем.d201 aМетодические рекомендации в помощь лектору и специалисту народного хозяйства1 aВ помощь лектору и специалисту aБиблиогр.: с. 18-191 aБольшие интегральные схемыjМетодические пособияxПроектирование3RU\NLR\AUTH\6613767771 aСАПРjМетодические пособияxПроектирование3RU\NLR\AUTH\6614073051 aз844.15-02я91 aЖ2-5-05я9 1aПетренкоbА. И.gАнатолий Иванович4220 1aАртеменкоbА. П.gАнатолий Петрович4220024475a"Знание", общество УССРcКиев3RU\NLR\AUTH\889960976 0aRUbNLRgpsbo 1aRUbELAR2rusmarc aNLRj88-4/2900